LEADER 01488oam 2200421 450 001 9910150199503321 005 20171024132551.0 010 $a0-7369-6452-5 035 $a(CKB)3710000000942247 035 $a(DLC) 2016025622 035 $a(EXLCZ)993710000000942247 100 $a20160601d2016 uy 0 101 0 $aeng 135 $aur||||||||||| 181 $2rdacontent 182 $2rdamedia 183 $2rdacarrier 200 14$aThe biblical counseling guide for women /$fJohn D. Street, Jr. and Janie Street 210 1$aEugene, Oregon :$cHarvest House Publishers,$d2016. 215 $a1 online resource 311 $a0-7369-6451-7 327 $aAbuse -- Adultery -- Anger -- Anorexia -- Anxiety -- Appearance -- Bitterness -- Borderline personality disorder -- Chemical abuse -- Depression -- Guilt -- Obsessive compulsive disorder -- Panic attacks -- Post-traumatic stress disorder -- Schizophrenia. 606 $aWomen$xPastoral counseling of 606 $aChristian life$xBiblical teaching 606 $aChurch work with women 615 0$aWomen$xPastoral counseling of. 615 0$aChristian life$xBiblical teaching. 615 0$aChurch work with women. 676 $a259.082 700 $aStreet$b, John D.$f1952-$01244751 702 $aStreet$b Janie 801 0$bDLC 801 1$bDLC 801 2$bDLC 906 $aBOOK 912 $a9910150199503321 996 $aThe biblical counseling guide for women$92887345 997 $aUNINA LEADER 01206nam0 22002651i 450 001 UON00140494 005 20231205102839.297 100 $a20020107d1972 |0itac50 ba 101 $aeng 102 $aNL 105 $a|||| 1|||| 200 1 $a24th International Congress of Chinese studies "Leeuwenhorst" Noordijkerhout (Near Leiden)$e3-9 September 1972$fLeeuwenhorst Congress Center 210 $aNoordwijkerhout$c[s.n.]$d1972 215 $a1 v.$d23 cm 517 1$3UON00367999$aInternational congress of Chinese studies <24. 1972. Noordwijerhout> 606 $aCina$xCultura e civiltà$xCongressi$3UONC007496$2FI 620 $dNoordwijkerhout$3UONL002945 686 $aCIN GEN E I$cCINA - CONGRESSI - GENERALIA$2A 712 $aLeeuwenhorst congress center$3UONV263628$4650 801 $aIT$bSOL$c20250418$gRICA 899 $aSIBA - SISTEMA BIBLIOTECARIO DI ATENEO$2UONSI 912 $aUON00140494 950 $aSIBA - SISTEMA BIBLIOTECARIO DI ATENEO$dSI CIN GEN E I 002 (2) $eSI SA 99829 7 002 (2) 996 $a24th International Congress of Chinese studies "Leeuwenhorst" Noordijkerhout (Near Leiden$91278734 997 $aUNIOR